00587nam a22001457a 4500003000400000005001700004008004100021040001400062100003300076245014600109260000900255300003100264500011400295504003200409OSt20171010095524.0120817t xxu||||| |||| 00| 0 eng d aMMSUcULS aDumbrique, Aida Michelle F.  aFemale adolescents' separation from parents and their personality development: implications to nursing practice cAida Michelle F. Dumbrique  c2001 axviii, 118 leaves c28 cm. aThesis (MA Nursing-Maternal & Child Nursing) -- Mariano Marcos State University-Graduate School, Laoag City  aBibliography: leaves 97-106